000
00312nam a2200121Ia 4500
008
191201s1993 xx 000 0 und d
100
_a
SLATER, K
245
0
_a
Physical Testing and Quality control
260
_a
N. Delhi
_b
The Textile Association
_c
1993
300
_a
171
650
_a
B.Tech(TE)
942
_2
ddc
_c
BK
999
_c
4519
_d
4519